| Tag |
First Indicator |
Second Indicator |
Subfields |
| LEADER |
00000cam a2200000 4500 |
| 001 |
in00000691221 |
| 005 |
20151015162800.0 |
| 008 |
760116s1921 nyu 00011 eng d |
| 035 |
|
|
|a (OCoLC)01932083
|
| 035 |
|
|
|9 ACZ5368AM
|
| 040 |
|
|
|a IXA
|c IXA
|d TXA
|d UtOrBLW
|
| 041 |
1 |
|
|a eng
|a nor
|
| 049 |
|
|
|a TXAM
|c [1026040]
|
| 090 |
|
|
|a PZ3.H1903
|b Gr8
|
| 100 |
1 |
|
|a Hamsun, Knut,
|d 1859-1952.
|
| 240 |
1 |
0 |
|a Markens grøde.
|l English
|
| 245 |
1 |
0 |
|a Growth of the soil /
|c by Knut Hamsun; translated from the Norwegian by W. W. Worster.
|
| 264 |
|
1 |
|a New York :
|b The Modern Library,
|c [1921]
|
| 264 |
|
4 |
|c [©1921]
|
| 300 |
|
|
|a 304, 276p. ;
|c 17cm.
|
| 336 |
|
|
|a text
|b txt
|2 rdacontent
|
| 337 |
|
|
|a unmediated
|b n
|2 rdamedia
|
| 338 |
|
|
|a volume
|b nc
|2 rdacarrier
|
| 490 |
0 |
|
|a The Modern library of the world's best books [12]
|
| 500 |
|
|
|a Books 1 and 2 pages spearately.
|
| 500 |
|
|
|a "Knut Hamsun, by W.W. Worster: Book 2, pages [255]-276."
|
| 700 |
1 |
|
|a Worster, W. J. Alexander
|q (William John Alexander),
|d 1882-1929.
|
| 999 |
|
|
|a MARS
|
| 999 |
f |
f |
|s 50994d58-6703-3c1c-871f-ff31e9b014b0
|i 0241e0f9-45cd-3d90-ad61-97119af5b97d
|t 0
|
| 952 |
f |
f |
|p ric
|a Texas A&M University
|b Rellis Campus
|c Joint Library Facility
|d Remote Storage
|t 0
|e PZ3.H1903 Gr8
|h Library of Congress classification
|i unmediated -- volume
|m A14804236862
|
| 998 |
f |
f |
|a PZ3.H1903 Gr8
|t 0
|l Remote Storage
|